[Event "30th NATO Chess-ch 2019"]
[Site "Berlin"]
[Date "2019.09.18"]
[Round "4.14"]
[White "Lakos, Nikoletta"]
[Black "Michalski, Daniel"]
[Result "1/2-1/2"]
[WhiteElo "2226"]
[BlackElo "2024"]
[Annotator "TA"]
[PlyCount "44"]
[EventDate "2019.09.16"]
[EventType "swiss"]
[EventCountry "GER"]
[SourceTitle "playchess.com"]
[Source "ChessBase"]
[SourceQuality "1"]

{[%evp 24,44,24,14,51,50,54,46,80,41,43,27,27,25,46,37,43,31,18,39,58,54,58]} 1. e4 e6 2. d4 d5 3. Nd2 Nf6 4. e5 Nfd7 5. c3 c5 6. Bd3 Nc6 7. Ne2 Qb6 8. Nf3 cxd4 9. cxd4 f6 10. exf6 Nxf6 11. O-O Bd6 12. b3 O-O 13. Bf4 Nb4 {C06: French Tarrasch: 3...Nf6 4 e5 Nfd7 5 Bd3 main lines} (13... Bxf4 14. Nxf4 Ne4 15. Ne2 Rxf3 16. gxf3 Ng5 17. f4 Nf3+ 18. Kg2 Nfxd4 19. Nxd4 Qxd4 20. Bxh7+ Kxh7 21. Qh5+ Kg8 22. Qe8+ Kh7 23. Qh5+ Kg8 24. Qe8+ Kh7 25. Qh5+ {½-½ (25) Lin,C (2475)-Wang,Y (2421) China 2017}) 14. Bb1 Bxf4 15. Nxf4 Ne4 16. Ne2 Bd7 17. a3 Nc6 18. Bxe4 dxe4 19. Ng5 {[%cal Bf3g5,Bg5e4,Be4c5][%mdl 32]} Ne7 $146 ({Predecessor:} 19... Rad8 20. Ra2 e5 21. d5 {0-1 (33) Novotny,M (2238)-Sedy,P (2248) Czechia 2007}) 20. Nxe4 Bc6 21. Nc5 Rf6 22. b4 Raf8 1/2-1/2

[Event "30th NATO Chess-ch 2019"]
[Site "Berlin"]
[Date "2019.09.18"]
[Round "4.15"]
[White "Schott, Guido"]
[Black "Wantiez, Fabrice"]
[Result "0-1"]
[WhiteElo "2043"]
[BlackElo "2225"]
[Annotator "TA"]
[PlyCount "48"]
[EventDate "2019.09.16"]
[EventType "swiss"]
[EventCountry "GER"]
[SourceTitle "playchess.com"]
[Source "ChessBase"]
[SourceQuality "1"]

{[%evp 12,82,12,15,24,5,2,1,16,0,0,0,0,-10,-13,-6,-6,-13,-12,-10,-15,-19,-3,-15,-26,-13,-3,-2,-14,-38,-23,-31,-40,-36,0,0,0,-127,-116,-110,-110,-357,-354,-363,-282,-318,-302,-315,-306,-303,-289,-485,-208,-173,-179,-422,-228,-447,-392,-524,-561,-561,-562,-586,-597,-671,-662,-907,-657,-1221,-1121,-1112,-1091]} 1. Nf3 Nf6 2. b3 d6 3. d4 c5 4. e3 g6 5. Bb2 Bg7 6. Be2 O-O 7. O-O Bf5 {A48: 1 d4 Nf6 2 Nf3 g6: Torre, London and Colle Systems} 8. Nbd2 Nc6 {[%cal Bb8c6,Bc6b4,Bb4d3][%mdl 32]} 9. c4 Nb4 $146 {The position is equal.} ({Predecessor:} 9... cxd4 10. Nxd4 Bd7 11. Bf3 Qb6 12. a3 Ne5 13. Be2 Rfc8 14. Rc1 Be8 15. h3 a6 16. Rc2 Ned7 17. Qb1 e5 18. N4f3 a5 19. Ba1 Nc5 20. b4 axb4 21. axb4 Ne6 22. Rfc1 Qa7 23. c5 {½-½ (23) Ivanov,S (2322)-Kulaots,K (2570) Finland 2016}) 10. a3 Bc2 $1 {[%cal Rc2d1]} 11. Qc1 Bd3 12. Re1 Bxe2 13. Rxe2 Nd3 14. Qc2 Nxb2 15. Qxb2 Rc8 16. Rc1 d5 17. Ne5 cxd4 18. exd4 dxc4 19. bxc4 Qc7 20. Rb1 b6 21. Qb5 Rfd8 22. Ndf3 Ne8 23. d5 Nd6 24. Qc6 {[#]} (24. Qb4 $11) 24... Bxe5 {Played: Nd6xc4} 0-1

[Event "30th NATO Chess-ch 2019"]
[Site "Berlin"]
[Date "2019.09.18"]
[Round "4.16"]
[White "Cirkvencic, Franci"]
[Black "Valeinis, Janis"]
[Result "0-1"]
[WhiteElo "2008"]
[BlackElo "2206"]
[Annotator "TA"]
[PlyCount "138"]
[EventDate "2019.09.16"]
[EventType "swiss"]
[EventCountry "GER"]
[SourceTitle "playchess.com"]
[Source "ChessBase"]
[SourceQuality "1"]

{[%evp 25,156,26,33,30,51,25,27,-47,-16,-84,-52,-70,-20,-16,0,0,34,0,0,0,0,-47,0,-54,-50,-61,-43,-47,-42,-142,-139,-162,-156,-149,-149,-167,-129,-182,-182,-191,-176,-287,-282,-250,-244,-251,-245,-237,-245,-249,-228,-227,-204,-168,-121,-115,-121,-131,0,-133,0,-114,-41,-169,-175,-260,-245,-253,-114,-230,-229,-290,-290,-289,-289,-289,-289,-289,-289,-289,-97,-110,-66,-288,-288,-314,-28,-61,-272,-306,-307,-306,-304,-280,-108,-706,-646,-393,-53,-827,-700,-1213,-871,-1106,-1240,-1287,-1251,-1168,-1144,-1273,-1272,-1220,-950,-1410,0,-982,0,-1000,-643,-1399,-1416,-1947,-1926,-1147,-1785,-2410,-2363,-2131,-2101,-2060,-1933,-1700,-1582]} 1. d4 Nf6 2. Nf3 g6 3. c4 Bg7 4. g3 O-O 5. Bg2 d6 6. Nc3 Nbd7 7. O-O e5 8. e4 exd4 9. Nxd4 Re8 10. Re1 Nc5 11. h3 Bd7 12. Rb1 h6 13. b3 a5 14. Kh2 {E68: King's Indian: Fianchetto: 6...Nbd7 7 0-0 e5 8 e4} h5 (14... Re5 15. f4 Rh5 16. f5 gxf5 17. exf5 Bxf5 18. Nxf5 Rxf5 19. Qc2 Qd7 20. Bf4 Rh5 21. Nd5 Ng4+ {0-1 (34) Ding,L (2777)-Grischuk,A (2772) Huaian 2017}) 15. Bb2 {[#]} h4 $146 ({Predecessor:} 15... c6 16. Qd2 Qb6 17. Nc2 Rad8 18. f3 Qc7 19. h4 Bc8 20. Ne3 Nfd7 21. Rbd1 Ne5 {0-1 (71) Rajdeep,S (2267)-Demchenko,A (2596) New Delhi 2016}) 16. a3 (16. g4 $11) 16... hxg3+ 17. fxg3 Nh5 18. Nf3 Bc6 19. Qc2 $1 Nd7 20. Nd5 Ne5 21. Nxe5 Bxe5 22. Bxe5 Rxe5 23. Qd2 b6 24. a4 (24. Rf1 $11) 24... Nf6 $15 25. Qf4 Bxd5 26. exd5 Nd7 27. Rf1 (27. Rxe5 $15 Nxe5 28. g4) 27... Qe7 $1 $17 28. Rb2 Nc5 {Threatens to win with ...Nd3.} 29. Rf3 Re8 30. Rbf2 {[%cal Rf4f7]} Rf5 31. Qg4 (31. Qh6 $17 {keeps fighting.} Rxf3 32. Rxf3) 31... Rxf3 $19 32. Qxf3 f5 33. Qd1 (33. Bf1 $142) 33... Qe1 34. Qd4 Qe5 ({Weaker is} 34... Nxb3 35. Qf6 $1 $11 {[%mdl 512]}) 35. Qd1 Qc3 36. Re2 Re3 37. Rxe3 Qxe3 38. Qa1 Qe5 39. Qc1 Kg7 40. Qg5 Qf6 41. Qe3 Qe5 42. Qg5 Qf6 43. Qe3 g5 (43... Kf7 $17 44. h4 Qe5) 44. Qe8 (44. Bf3 $1 $15) 44... f4 $1 {[%cal Rf4g3] ( -> ...fxg3+)} ({Much less strong is} 44... Nxb3 45. Qd7+ Qf7 46. Qd8 $17) 45. gxf4 (45. Bf3 $142) 45... Qxf4+ 46. Kg1 Qf6 (46... Nxb3 47. Qe7+ Kh6 48. Qe6+ Kg7 49. Qe7+ Kh6 50. Qe6+ Kh5 51. Qe8+ Kh6 52. Qh8+ Kg6 53. Qg8+ Kh6 54. Qh8+ Kg6 55. Qg8+ Kf6 56. Qe6+ Kg7 57. Qe7+ $11) (46... Qd4+ $1 $19 {and Black stays clearly on top.} 47. Kf1 Qe5) 47. Qc8 (47. Bf1 $17 {might work better.}) 47... Qe7 48. Qf5 Qe3+ 49. Kh1 Qe1+ $1 ({Inferior is} 49... Nxb3 50. Qd7+ Kh6 51. Qxc7 $11) 50. Bf1 Qe4+ 51. Qxe4 Nxe4 {[%mdl 4096] Endgame KB-KN} 52. Kg2 Nd2 $2 (52... Nc5 $19 {has better winning chances.} 53. Be2 Nxb3) 53. Bd3 $17 Nxb3 54. Kf3 $2 (54. Kg3 $1 $15) 54... Kf6 $1 $19 55. Kg4 Nc5 $2 ({Better is} 55... Nd2 $1 $19 {[%cal Rd2b3]} 56. Kh5 Nf3) 56. Bc2 $11 Nd7 57. Bb3 Ne5+ 58. Kg3 c6 59. dxc6 Nxc6 60. Bc2 $2 {[%mdl 8192]} (60. Bd1 $17) 60... Ne5 $19 61. Bb3 {[#]} Nd3 $2 ({Black should try} 61... Kf5 $1 $19 {aiming for ...Ke4.} 62. Bc2+ Ke6) 62. Kg4 $2 {[%mdl 8192] [#]} (62. Bc2 $15 Ne5 63. Bb3) 62... Nf2+ $1 63. Kg3 Ne4+ 64. Kg4 Nd2 65. Ba2 Kg6 66. Kg3 Kf5 67. Kf2 Kf4 68. Kg2 Ne4 69. Bb1 Ke3 {Played: Ne4-d2} 0-1

[Event "30th NATO Chess-ch 2019"]
[Site "Berlin"]
[Date "2019.09.18"]
[Round "4.17"]
[White "Andersen, Hans-Christoph"]
[Black "Randall, Gordon"]
[Result "1-0"]
[WhiteElo "2201"]
[BlackElo "1975"]
[Annotator "TA"]
[PlyCount "65"]
[EventDate "2019.09.16"]
[EventType "swiss"]
[EventCountry "GER"]
[SourceTitle "playchess.com"]
[Source "ChessBase"]
[SourceQuality "1"]

{[%evp 22,85,24,14,38,23,38,38,38,35,73,60,69,67,182,177,174,172,358,375,375,379,362,382,558,542,518,506,719,629,597,420,944,421,625,438,459,432,447,447,443,446,629,620,5317,1404,1264,1247,5200,412,412,0,5161,992,29992,29989,29993,0,29990,29989,29989,29990,29990,6812,5297,5297]} 1. d4 Nf6 2. c4 c5 3. d5 e6 4. Nc3 exd5 5. cxd5 d6 6. e4 g6 7. f4 Bg7 8. Bb5+ Nfd7 9. Nf3 a6 10. Bd3 b5 11. O-O O-O 12. Kh1 Bb7 {A67: Modern Benoni: Taimanov Variation} 13. a3 Nb6 14. f5 N8d7 {White is slightly better.} 15. Bg5 Nf6 $146 ({Predecessor:} 15... Bf6 16. h4 Qe7 17. Qd2 Ne5 18. Nxe5 Qxe5 19. Bxf6 Qxf6 20. Rf3 Qe5 21. Raf1 Nd7 22. h5 gxh5 23. f6 Kh8 24. Rf5 Qg3 25. R1f3 {1-0 (25) Adhiban,B (2553)-Forcen Esteban,D (2440) Figueres 2012}) 16. Qd2 Qc7 17. Qf4 $36 {[%mdl 2048] White has some pressure.} b4 (17... Rae8 $14) 18. axb4 $18 cxb4 19. Ne2 Nbxd5 $2 (19... Nh5 {is a better defense.} 20. Qh4 Nd7) 20. exd5 Nxd5 21. Qd2 Rfe8 22. Rac1 Qb6 (22... Qd7 {was worth a try.} 23. Bh6 Qe7) 23. fxg6 hxg6 {If only Black now had time for ...Ne3....} 24. Bc4 Nf6 25. Bxf6 Bxf6 26. Nf4 Rad8 {[#]} (26... d5 $142) 27. Bd5 (27. Bxf7+ $142 $1 {[%mdl 512]} Kxf7 {[#]} 28. Ng5+ $1 {[%mdl 512]} (28. Nd5 Bxd5 29. Qxd5+ Kg7 $11) 28... Bxg5 29. Nh5+ Kg8 30. Qxg5) 27... Qb5 (27... Rd7 $142 28. Rce1 Rxe1 29. Rxe1 Qb5 30. Bxb7 Rxb7) 28. Bxb7 Qxb7 29. Nd5 Bxb2 30. Rc7 ({Not} 30. Qxb2 Qxd5 31. Qxb4 a5 $18) 30... Qb5 31. Rf2 Bg7 {[#]} (31... Bc3 $142 32. Qg5 Bg7 33. Ne7+ (33. Nf6+ Bxf6 34. Qxf6 Rd7 $14) 33... Rxe7 34. Qxe7 Rf8) 32. Rxf7 $1 {[%mdl 512] And now Ng5 would win.} b3 {[#] intending ...b2.} (32... Kxf7 33. Nd4+) 33. Ng5 {Played: Rf7xg7} 1-0

[Event "30th NATO Chess-ch 2019"]
[Site "Berlin"]
[Date "2019.09.18"]
[Round "4.18"]
[White "Bohn, Ulrich"]
[Black "Steffers, Hendrik"]
[Result "1-0"]
[WhiteElo "2157"]
[BlackElo "1965"]
[Annotator "TA"]
[PlyCount "83"]
[EventDate "2019.09.16"]
[EventType "swiss"]
[EventCountry "GER"]
[SourceTitle "playchess.com"]
[Source "ChessBase"]
[SourceQuality "1"]

{[%evp 11,83,-11,-3,-4,-6,-9,-2,-22,0,-24,-13,-18,-11,-63,-23,-59,-41,-83,-32,-42,-27,-48,-52,-51,-51,-60,-53,-68,-47,-42,-27,-44,-33,-39,-36,-71,35,25,36,0,0,0,15,0,15,14,66,56,45,39,99,87,110,93,95,0,6,0,189,200,453,356,324,157,266,170,349,0,0,0,409,0,29991,29992]} 1. d4 Nf6 2. Bf4 d5 3. e3 e6 4. Nd2 Bd6 5. Bg3 O-O 6. Ngf3 b6 7. c3 {D02: 1 d4 d5 2 Nf3 sidelines, including 2...Nf6 3 g3 and 2...Nf6 3 Bf4} Bb7 (7... c5 8. Bd3 Ba6 9. Bxa6 Nxa6 10. O-O Bxg3 11. hxg3 Qc7 12. Qe2 Nb8 13. e4 dxe4 14. Nxe4 Nbd7 {1-0 (55) Duda,J (2738)-Giri,A (2783) St Petersburg 2018}) 8. Bd3 Ne4 9. Bh4 {The position is equal.} Be7 10. Bg3 $146 ({Predecessor:} 10. Bxe7 Qxe7 11. a4 a5 12. Bxe4 dxe4 13. Ne5 Nd7 14. Nxd7 Qxd7 15. Qc2 {½-½ (54) Ayats Llobera,G (2377)-Maloberti,D (2113) Skopje 2019}) 10... Nd7 11. Qc2 {[%cal Rd2e4]} f5 12. O-O (12. Ne5 $11) 12... Rc8 13. Rfe1 c5 14. Qd1 Ndf6 (14... Nxg3 $17 15. hxg3 c4) 15. Nf1 Kh8 16. Be5 Ng4 17. Re2 Nxe5 18. Nxe5 Bd6 19. f4 Bxe5 20. fxe5 Qg5 21. Qe1 Rc7 22. a4 a5 (22... Rcf7 {keeps more tension.} 23. b4 g6 24. a5 c4 25. Bc2 b5) 23. b4 c4 ({Better is} 23... axb4 $17 24. cxb4 cxd4 25. exd4 f4) 24. Bxe4 $14 dxe4 25. b5 Rcf7 26. Raa2 h5 27. Rf2 Qh6 28. h4 g5 (28... g6 $11) 29. hxg5 $1 Qxg5 30. Rf4 Rh7 (30... Rg8 $14) 31. Qh4 $16 Qh6 32. Raf2 Rg8 {[#]} 33. Nh2 (33. Ng3 $1 $16) 33... Bc8 34. Nf1 Rhg7 $2 (34... Bb7 $11 {and Black stays safe.}) 35. Nd2 $18 Rg4 $2 (35... Rc7) 36. Qh2 h4 37. Kf1 ({Don't take} 37. Nxc4 $6 h3 $18) (37. Kh1 $18 {and White stays clearly on top.}) 37... Qh5 (37... h3 $16 {might work better.} 38. Rxg4 (38. Qxh3 Qxh3 39. gxh3 Rg1+ 40. Ke2 Bb7 $16) (38. gxh3 $2 Rg3 $19 {[%mdl 64] Double Attack}) 38... Rxg4) 38. Ke1 h3 $2 (38... Bb7) 39. gxh3 $2 (39. Qxh3 $18 Qxh3 40. gxh3 Rg1+ 41. Rf1) 39... Rg1+ $11 40. Nf1 R8g3 $2 {[%mdl 8192]} (40... Bb7 $11 {and Black has nothing to worry.}) 41. Re2 $2 ({Only move:} 41. Qxg3 $18 Rxg3 42. Nxg3) 41... Qh4 $2 {[%mdl 8192] [#]} (41... Qg6 $11) 42. Rxh4+ {Accuracy: White = 39%, Black = 22%.} 1-0

[Event "30th NATO Chess-ch 2019"]
[Site "Berlin"]
[Date "2019.09.18"]
[Round "4.19"]
[White "Tucker, David S"]
[Black "Stentebjerg-Hansen, Per"]
[Result "0-1"]
[WhiteElo "1997"]
[BlackElo "2178"]
[Annotator "TA"]
[PlyCount "60"]
[EventDate "2019.09.16"]
[EventType "swiss"]
[EventCountry "GER"]
[SourceTitle "playchess.com"]
[Source "ChessBase"]
[SourceQuality "1"]

{[%evp 21,97,31,16,-91,-90,-187,-163,-292,-136,-158,-108,-121,-111,-112,-114,-137,-136,-138,-130,-128,-131,-144,-122,-143,-122,-155,-159,-135,-77,-108,-87,-176,-140,-167,-146,-179,-98,-224,-185,-276,-263,-268,-243,-252,-203,-221,-39,-34,-31,-83,-69,-76,-60,-71,-51,-31,-40,-86,-52,-223,-206,-281,-223,-310,-319,-296,-140,-629,-600,-1991,-1576,-29988,-29989,-29989,-29990,-29992,-29990,-29999]} 1. e4 d5 2. exd5 Nf6 3. Bb5+ Bd7 4. Be2 Nxd5 5. d4 Bf5 6. Nf3 e6 7. O-O Be7 8. a3 O-O 9. c4 Nb6 10. Be3 Nc6 11. Nc3 Bf6 12. Qd2 {B01: Scandinavian Defence} (12. b4 $11) (12. h3 Qd7 13. b4 Rad8 14. Qb3 Nxd4 15. Bxd4 Bxd4 16. Rad1 e5 17. Nb5 Qe7 18. c5 Nd5 19. Nbxd4 exd4 20. Nxd4 {1-0 (41) Dvoirys,S (2552)-Tilicheev,V (2497) Pardubice 2017}) 12... Na5 $1 $17 13. Bd1 $146 (13. Ne4 $17 {keeps fighting.} Nb3 14. Nxf6+ Qxf6 15. Qb4 Nxa1 16. Rxa1) ({Predecessor:} 13. Qd1 Naxc4 14. Qb3 Nxe3 15. fxe3 c6 16. Nd2 Bxd4 17. Rf3 Bxc3 18. Qxc3 Nd5 19. Qb3 Bg4 {0-1 (42) Bellahcene,M (1775)-Huisman,C (1937) Saint Quentin 2016}) 13... Naxc4 14. Qe2 {[#]} (14. Qc1 {might work better.}) 14... Nxe3 (14... c5 $1 $19 {[%cal Rc5d4][%mdl 512]} 15. Bb3 (15. dxc5 Bd3) 15... Na5) 15. fxe3 Nd5 16. e4 {aiming for Nxd5.} Nxc3 17. bxc3 Bg6 18. Bc2 {[#]} c5 $1 {[%cal Rc5d4][%mdl 512]} 19. e5 (19. dxc5 Qa5) 19... Be7 20. Bxg6 hxg6 21. Rfb1 Qc7 22. Qe4 Rab8 {[%cal Ba8b8,Bb8d8,Bd8d3][%mdl 32]} 23. d5 exd5 24. Qxd5 b6 (24... c4 $142 25. e6 Qc5+ 26. Qxc5 Bxc5+ 27. Kh1 fxe6) 25. a4 c4 26. Kh1 (26. Qe4 $17) 26... Rbd8 $19 27. Qe4 Rd3 28. Nd4 a6 (28... Qc5 $19 29. a5 Rxc3) 29. Rc1 (29. Nc6 $17) 29... Bg5 30. Rc2 (30. Rf1 $142) 30... Rd8 {Played: Rf8-e8} 0-1

[Event "30th NATO Chess-ch 2019"]
[Site "Berlin"]
[Date "2019.09.18"]
[Round "4.20"]
[White "Almonti, Alessandro"]
[Black "Cichy, Kamil"]
[Result "1/2-1/2"]
[WhiteElo "1976"]
[BlackElo "2106"]
[Annotator "TA"]
[PlyCount "82"]
[EventDate "2019.09.16"]
[EventType "swiss"]
[EventCountry "GER"]
[SourceTitle "playchess.com"]
[Source "ChessBase"]
[SourceQuality "1"]

{[%evp 9,82,5,8,9,0,9,58,-33,-23,-24,-30,0,22,8,-4,4,10,-62,-53,-41,-52,-45,-66,-50,39,38,31,29,28,35,69,39,102,56,58,-29,5,5,5,4,36,43,33,39,72,57,57,63,49,30,62,40,52,47,74,0,0,0,37,32,79,25,26,25,38,0,8,-53,0,-223,-216,-1151,0,0,0]} 1. Nf3 d5 2. c4 d4 3. b4 c5 4. e3 Nf6 (4... dxe3 5. fxe3 cxb4 6. d4 Nf6 7. Bd3 g6 8. a3 bxa3 9. O-O Bg7 10. Nc3 O-O 11. Bxa3 b6 12. Kh1 Nc6 13. Rc1 Bg4 14. h3 Bxf3 15. Qxf3 {1-0 (45) Wei,Y (2735)-Inarkiev,E (2690) Magas 2018}) 5. exd4 cxd4 6. Bb2 {A09: Réti Opening: 1 Nf3 d5 2 c4} e5 7. Nxe5 Bd6 8. Nd3 $146 (8. Bxd4 $14 O-O 9. Be2) ({Predecessor:} 8. Bxd4 O-O 9. Be2 Re8 10. Nf3 Bxb4 11. O-O Nc6 12. Bc3 Bf5 {0-1 (42) O'Sullivan,R (1628)-Lindberg,W (1684) ICCF email 2014}) 8... O-O 9. Be2 Re8 10. O-O Qc7 11. h3 Qxc4 12. Na3 {[%cal Bb1a3,Ba3c4,Bc4d6,Bd6e4][%mdl 32]} Qd5 13. Re1 (13. Bf3 $11 Qg5 14. Nc4 (14. Bxd4 Nc6 $11)) 13... Nc6 $15 {Strongly threatening ...Qg5.} 14. Bf3 Rxe1+ 15. Qxe1 Qg5 16. Nc4 Nxb4 (16... Bc7 $1 $15) 17. Nxd6 $14 Nxd3 {[#]} 18. Qe7 $1 $36 {[%mdl 2624] White threatens Qd8+ and mate. Double Attack. Black is under pressure.} Be6 19. Bxd4 Nf4 {Threatening ...Nxh3+.} 20. Bxf6 gxf6 ({Better is} 20... Qxf6 $14 21. Qxf6 gxf6) 21. Ne4 ({Much weaker is} 21. Bxb7 $6 Rf8 $11) ({Much worse is} 21. Qxb7 $6 Rd8 $11) 21... Nxh3+ 22. Kf1 (22. Kh1 $14 Qf4 23. Nxf6+ Kh8 24. Ne8) 22... Qe5 23. Qxf6 Bc4+ 24. Ke1 Re8 {( -> ...Qxf6)} 25. Qxe5 Rxe5 26. d4 $1 {[%cal Rd4e5]} Re7 {White must now prevent ...Ng5.} 27. gxh3 {And now Kd2 would win.} (27. Kd2 {feels hotter.} Nf4 28. g3 Ne2 29. d5 Kf8 30. d6) 27... f5 {[%mdl 64] [#] Pin} 28. Kd2 {aiming for Nd6.} fxe4 {[%mdl 4096] Endgame KRB-KRB} 29. Be2 Bd5 30. h4 Rf7 31. Ke3 Rc7 32. Kd2 (32. Rg1+ $16 Kf7 33. Rg5 Bxa2 34. Ra5 (34. Kxe4 Re7+ 35. Kd3 b6 $11)) 32... Kf7 33. a3 Rc6 34. Rc1 Rb6 35. Rc3 (35. Rc7+ $16 Kg6 36. Rc5) 35... Kf6 $11 36. Ke3 a5 37. f3 Re6 {Hoping for ...exf3+.} 38. Kf4 ({White should try} 38. f4 $11) 38... a4 (38... Ke7 $1 $15) 39. Re3 $2 (39. Rc7 $11) 39... exf3 $19 40. Bxf3 $2 (40. Bd3) 40... Bxf3 $2 (40... Rxe3 $19 41. Kxe3 Bxf3 42. Kxf3 b5) 41. Kxf3 $11 Rd6 {Accuracy: White = 39%, Black = 34%.} 1/2-1/2

[Event "30th NATO Chess-ch 2019"]
[Site "Berlin"]
[Date "2019.09.18"]
[Round "4.21"]
[White "Crapulli, Giuseppe"]
[Black "Mestek, Igor"]
[Result "1/2-1/2"]
[WhiteElo "1836"]
[BlackElo "2087"]
[Annotator "NA RC"]
[PlyCount "93"]
[EventDate "2019.09.16"]
[EventType "swiss"]
[EventCountry "GER"]
[SourceTitle "playchess.com"]
[Source "ChessBase"]
[SourceQuality "1"]
[TimeControl "40/7200:1800"]

1. e4 {[%emt 1:59:58]} c5 {[%emt 1:59:58]} 2. Nf3 {[%emt 1:59:53]} a6 {[%emt 1:59:25]} 3. c4 {[%emt 1:59:15]} Nc6 {[%emt 1:59:15]} 4. d4 {[%emt 1:58:43]} cxd4 {[%emt 1:59:01]} 5. Nxd4 {[%emt 1:59:01]} e6 {[%emt 1:59:01]} 6. Nxc6 {[%emt 1:55:36] B28: Sicilian: 2 Nf3 a6 (O'Kelly Variation)} (6. Nc3 Bb4 7. Be3 Nf6 8. Bd3 Qc7 9. Rc1 b6 10. O-O Nxd4 11. Bxd4 Bc5 12. Be2 Bb7 13. Qd3 Bxd4 14. Qxd4 Qc5 15. Qd3 Bc6 16. a3 {1-0 (42) Dominguez Perez,L (2719)-Polgar,J (2680) Moscow 2009}) 6... bxc6 {[%emt 1:52:29]} 7. Nc3 {[%emt 1:55:26]} e5 {[%emt 1:55:26]} 8. Be2 {[%emt 1:54:50]} Nf6 {[%emt 1:45:57]} 9. O-O {[%emt 1:54:10]} Bc5 {[%emt 1:39:58]} 10. Qd3 {[%emt 1:51:13]} O-O {[%emt 1:35:55]} 11. Be3 {[%emt 1:50:42]} Qe7 {[%emt 1:35:04]} 12. Bxc5 $146 {[%emt 1:49:35]} ({Predecessor:} 12. Rad1 Bxe3 13. Qxe3 d6 14. Rd2 c5 15. Rfd1 Ne8 {1-0 (39) Popova,T-Zatulovskaya,T Moscow 1974}) 12... Qxc5 {[%emt 1:34:54]} 13. Rfd1 {[%emt 1:34:54]} Rd8 {[%emt 1:29:34]} 14. Qd6 {[%emt 1:43:32]} Qxd6 {[%emt 1:29:04]} 15. Rxd6 {[%emt 1:43:30]} Kf8 {[%emt 1:27:48]} 16. c5 {[%emt 1:39:06]} Rb8 {[%emt 1:24:29]} 17. b3 {[%emt 1:37:12]} Ne8 {[%emt 1:20:36]} 18. Rd2 {[%emt 1:20:36]} Nc7 {[%emt 1:36:25]} 19. Bc4 {[%emt 1:32:25]} Ke7 {[%emt 1:32:25]} 20. Rad1 {[%emt 1:30:05]} Nb5 {[%emt 1:04:14]} 21. Bxb5 {[%emt 1:29:19]} axb5 {[%emt 1:29:19]} 22. b4 {[%emt 1:28:52]} Ra8 {[%emt 1:28:52]} 23. Rd6 {[%emt 1:27:39]} Re8 {[%emt 0:58:13]} 24. Kf1 {[%emt 1:27:01]} Ra3 {[%emt 0:54:07]} 25. R1d3 {[%emt 1:26:26]} Ra6 {[%emt 0:49:31]} 26. Ke1 {[%emt 0:49:31]} Rf8 {[%emt 1:25:51]} 27. g4 {[%emt 1:20:24]} h6 {[%emt 1:20:24]} 28. Kd2 {[%emt 1:19:56]} Rh8 {[%emt 1:19:56]} 29. Kc2 {[%emt 1:18:27]} Ra7 {[%emt 0:44:42]} 30. Kb3 {[%emt 1:17:53]} Rd8 {[%emt 0:44:12]} 31. Ne2 {[%emt 1:16:17]} Rc7 {[%emt 0:37:55]} 32. Ng3 {[%emt 0:37:55]} g6 {[%emt 0:37:27]} 33. h4 {[%emt 1:10:44]} Kf8 {[%emt 0:32:11]} 34. h5 {[%emt 1:08:12]} Kg7 {[%emt 1:08:12]} 35. Rf3 {[%emt 1:07:08]} Re8 {[%emt 0:30:09]} 36. Rdf6 $2 {[%emt 0:48:40]} (36. hxg6 $18 fxg6 37. Ne2) 36... d6 {[%emt 0:48:40]} 37. Rxd6 {[%emt 0:44:46]} Bxg4 {[%emt 0:27:38]} 38. Rfd3 $15 {[%emt 0:43:32]} Ree7 {[%emt 0:18:59]} 39. f3 {[%emt 0:18:59]} Be6+ {[%emt 0:37:29]} 40. Kb2 {[%emt 0:37:20]} Bc4 {[%emt 0:18:17]} 41. Rd2 {[%emt 0:18:17]} Ra7 {[%emt 0:16:12]} 42. a3 {[%emt 0:36:12]} Rac7 {[%emt 0:11:06]} 43. Rg2 {[%emt 0:33:34]} Kh7 {[%emt 0:10:21]} 44. Rgd2 {[%emt 0:33:05]} Kg7 {[%emt 0:33:05]} 45. Rg2 {[%emt 0:07:29]} Kh7 {[%emt 0:06:33]} 46. Rgd2 {[%emt 0:32:45]} Kg7 {[%emt 0:04:27]} 47. Rg2 {[%emt 0:32:34]} 1/2-1/2

[Event "30th NATO Chess-ch 2019"]
[Site "Berlin"]
[Date "2019.09.18"]
[Round "4.22"]
[White "Filion, Charles"]
[Black "Oltean, Gusztav"]
[Result "0-1"]
[WhiteElo "2199"]
[BlackElo "2053"]
[Annotator "TA"]
[PlyCount "88"]
[EventDate "2019.09.16"]
[EventType "swiss"]
[EventCountry "GER"]
[SourceTitle "playchess.com"]
[Source "ChessBase"]
[SourceQuality "1"]

{[%evp 16,88,47,47,55,57,50,18,15,18,27,24,30,27,24,20,27,-75,37,0,0,-26,-25,-44,0,-15,0,-15,0,-8,0,0,0,-72,-52,-123,-122,-121,-44,-31,-26,-100,-83,-90,-56,-68,-40,-43,-43,-104,-105,-110,-67,-102,-90,-59,-79,-130,-56,-61,-61,-117,-96,-314,-309,-412,-406,-481,-482,-539,-497,-542,-545,-460,-445]} 1. d4 c5 2. d5 Nf6 3. Nc3 d6 4. e4 g6 5. Be2 Bg7 6. Nf3 O-O 7. O-O Bg4 8. Nd2 Bxe2 9. Qxe2 Nfd7 {A43: Schmid Benoni} 10. Nc4 Nb6 11. a4 $146 ({Predecessor:} 11. Ne3 Na6 12. a4 Nc7 13. Kh1 Re8 14. f4 e6 15. a5 Nbxd5 16. exd5 exd5 17. Nb5 {1-0 (70) Baburin,A (2593)-Rustemov,A (2573) Bad Wiessee 1999}) 11... Nxc4 {The position is equal.} 12. Qxc4 a6 13. a5 Nd7 14. Qe2 b5 15. axb6 $1 Qxb6 16. Bg5 (16. Bd2 $11) 16... Rfe8 ({Black should try} 16... Qxb2 $17 17. Na4 Qe5) 17. Na4 Qb5 18. c4 Qb7 19. Bd2 Reb8 20. Bc3 Bxc3 21. bxc3 Qc7 22. f4 Rb3 23. Ra2 Rab8 24. Rfa1 (24. Raa1 $11) 24... Rb1+ 25. Rxb1 (25. Kf2 $1 $15) 25... Rxb1+ $17 26. Kf2 Rb3 (26... Qb7 $17 27. e5 dxe5 28. fxe5 Qb8) 27. Qc2 $15 Rb7 28. Rb2 (28. Nb2 $11) 28... Qb8 29. Ke2 Rxb2 30. Nxb2 Qb6 31. Kd2 Nf6 32. Na4 (32. Nd1 $15) 32... Qa5 $17 33. Kd3 Qc7 34. Qb3 Qd7 {And now ...Qg4 would win.} 35. h3 Kg7 36. Nb2 {[#]} (36. Ke3 $142) 36... Qc7 (36... Nh5 $1 $17 {[%cal Rh5f4]} 37. Ke3 e5 38. dxe6 Qxe6) 37. Na4 Nd7 38. g4 (38. Nb2 $15) 38... e6 39. Ke3 $2 {[#]} (39. Qb1 $17) 39... e5 $1 $19 40. f5 Qd8 41. fxg6 hxg6 {Black is clearly winning.} 42. Qb1 Qg5+ 43. Kd3 {and the idea Nb6 leaves White hopeful.} Qf4 44. Qe1 Qf3+ {Accuracy: White = 26%, Black = 53%.} 0-1